2025-2026 Atlanta Falcons Roster - Statistics

General Stats
  • This quiz has been taken 19 times
  • The average score is 19 of 53
Answer Stats
Position Name % Correct
Wide Receiver Drake London
100%
Quarterback Kirk Cousins
100%
Tight End Kyle Pitts
100%
Defensive Lineman LaCale London
100%
Quarterback Michael Penix Jr.
100%
Running Back Bijan Robinson
87%
Safety Jammie Robinson
87%
Wide Receiver Darnell Mooney
80%
Cornerback A.J. Terrell
60%
Offensive Lineman Jake Matthews
60%
Running Back Tyler Allgeier
60%
Wide Receiver Casey Washington
53%
Tight End Charlie Woerner
53%
Wide Receiver David Sills
53%
Defensive Lineman Jalon Walker
53%
Defensive Lineman James Pearce Jr.
53%
Linebacker Kaden Elliss
53%
Offensive Lineman Chris Lindstrom
47%
Quarterback Easton Stick
47%
Safety Jessie Bates III
47%
Safety Xavier Watts
47%
Placekicker Zane Gonzalez
47%
Tight End Feleipe Franks
40%
Cornerback Cobee Bryant
33%
Offensive Lineman Elijah Wilkinson
33%
Cornerback Billy Bowman Jr.
27%
Punter Bradley Pinion
27%
Cornerback Dee Alford
20%
Linebacker J.D. Bertrand
20%
Offensive Lineman Kaleb McGary
20%
Cornerback Mike Hughes
20%
Running Back Nathan Carter
20%
Offensive Lineman Storm Norton
20%
Cornerback C.J. Henderson
13%
Cornerback Clark Phillips III
13%
Safety DeMarcco Hellams
13%
Wide Receiver Deven Thompkins
13%
Defensive Lineman Leonard Floyd
13%
Offensive Lineman Matthew Bergeron
13%
Defensive Lineman David Onyemata
7%
Wide Receiver Dylan Drummond
7%
Offensive Lineman Kyle Hinton
7%
Long Snapper Liam McCullough
7%
Offensive Lineman Michael Jerrell
7%
Cornerback Natrone Brooks
7%
Linebacker Ronnie Harrison Jr.
7%
Defensive Lineman Ruke Orhorhoro
7%
Linebacker Troy Anderson
7%
Defensive Lineman Zach Harrison
7%
Defensive Lineman Arnold Ebiketie
0%
Defensive Lineman Brandon Dorius
0%
Offensive Lineman Jack Nelson
0%
Defensive Lineman Sam Roberts
0%
No matching quizzes found
Score Distribution
Percent of People with Each Score
Percentile by Number Answered
Your Score History
You have not taken this quiz